| 000 | 00623 a2200169 4500 | ||
|---|---|---|---|
| 020 | _a0691000999 | ||
| 020 | _a9780691000992 | ||
| 082 | 0 | 4 | _a530 |
| 090 |
_c851 _d851 |
||
| 100 | 1 | _aEinstein, Albert. | |
| 245 | 1 | 4 |
_aThe collected papers of albert einstein. _nVolume 5 : _bthe swiss years : _bcorrespondence, 1902-1914 / _cAlbert Einstein, Anna Beck. |
| 260 |
_a[S.l.] : _bPrinceton University Press, _c1995. |
||
| 300 |
_a384 p. ; _c25 cm. |
||
| 700 | 1 | _aBeck, Anna. | |
| 942 |
_aSNS _cBK _k530 BEC |
||
| 999 |
_c29475 _d29475 |
||